00803cam a22002294a 4500999001500000001000600015003000900021005001700030008004100047020001500088040003800103082001900141100002600160245007000186260003800256300003000294504005100324650001900375650005000394942001200444952011700456 c1165d116515338BD-DhUAP20210119135755.0200203s1999 enk b 001 0 eng  a8176480665 aBD-DhUAPcBD-DhUAPdBD-DhUAPbEng04a344.05 VAD223 aVadackumchery, James. aIndian police and equal justice under law /cJames Vadackumchery. aNew Delhi :bA.P.H. Pub.,cc1999. axvii, 177 pages ;c23 cm. aIncludes bibliographical references and index. aPolice zIndia aCriminal justice, Administration of -- India. 2ddccBK 00102ddc4070aUAPCLbUAPCLcGeneral Stacksd2020-02-03o344.05 VADp3010015338r2020-02-03t1w2020-02-03yBK